000 00607nam a2200229Ia 4500
003 OSt
005 20220928102820.0
006 a|||||r|||| 00| 0
007 ta
008 220927b |||||||| |||| 00| 0 eng d
024 _a62123
037 _cTextual
040 _aSDCL
_cSDCL
_beng
041 _2eng
_aeng
082 _aV2y7N10, M4
100 _aArora V.K.
_9400508
245 0 _aRammanohar lohia and socialism in India
260 _aNew Delhi
_bDeep & Deep Publications
_c1984
300 _a182p
_ccm.
942 _hV2y7N10, M4
_cTEXL
_2CC
999 _c716415
_d716415